000 00781cam a22002773a 4500
001 32054
003 PGUSA
005 20140828083708.0
008 100419s2010||||xxu|||||s|||||000 1 eng d
040 _aPGUSA
_beng
042 _adc
050 4 _aPS
100 1 _aGallun, Raymond Z.,
_d1911-1994
245 1 0 _aStamped Caution
_h[electronic resource] /
_cRaymond Z. Gallun
260 _bProject Gutenberg,
_c2010
506 _aPublic domain in the USA.
516 _aElectronic text
653 _aScience fiction
653 _aHuman-alien encounters -- Fiction
653 _aMars (Planet) -- Fiction
653 _aMartians -- Fiction
700 1 _aKossin, Sandy
830 0 _aProject Gutenberg
_v32054
856 4 0 _uhttp://www.gutenberg.org/ebooks/32054
942 _cEB
999 _c261309
_d261309